Contenido de la sucesin̤ testamentaria La institucin̤ del heredero / cuaderno III

Detalles Bibliográficos
Otros Autores: Lled ̤Yagüe, Francisco (coord.)
Formato: Capítulo de libro
Lenguaje:español
Publicado: Madrid : Dykinson, 2011
Colección:Cuadernos prc̀ticos Bolonia Sucesiones III
Materias:
Acceso en línea:Acceso restringido

MARC

LEADER 00000naa a22000007a 4500
005 20111010123236.0
008 111010s2010 sp |||||s|||| 00||0 spa d
020 |a 978-84-9982-078-1 
035 |a 5765 
040 |a vLex 
090 |c 2645  |d 2645 
245 0 0 |a Contenido de la sucesin̤ testamentaria  |h [Recurso electrn̤ico] :  |b La institucin̤ del heredero /  |c coordinador Dr. Francisco Lled ̤Yagüe  |n cuaderno III 
256 |a Servicio en ln̕ea. 
260 |a Madrid :  |b Dykinson,  |c 2011 
300 |a 1 recurso electrn̤ico 
506 1 |a Contenido solo disponible en los productos indicados  |d vLex Global  |d vLex Global (Academic Edition, excluding Law Schools)  |d vLex Global (U.S. Academic Edition, Law Schools)  |d vLex Global (U.S. Academic Edition, excluding Law Schools)  |d vLex Global (Academic Edition, Law Schools) 
650 0 4 |a Herencia y sucesin̤  |z Espaą 
700 1 |a Lled ̤Yagüe, Francisco  |e coord. 
740 0 |a vLex Libros (Servicio en ln̕ea) 
830 0 |a Cuadernos prc̀ticos Bolonia  |p Sucesiones  |v III 
856 4 0 |u http://vlex.com/source/cuadernos-practicos-bolonia-sucesiones-sucesion-testamentaria-heredero-5765  |z Acceso restringido 
942 |c BOOK